00458nam a2200181Ia 4500008004100000020001800041245001900059245006100078260001500139260001600154260000900170300001500179300002500194300001000219440002000229500000800249999001900257170705s9999 xx 000 0 und d a9780545493055 aMonster stew / cStephanie Greene ; illustrated by Stephanie Roth Sisson. aNew York : bScholastic, c2012 a83 pages : bcolor illustration ; c19cm. aPrincess Posey. a350 c335607d335607